000 00427nam a2200145 a 4500
001 000014936
005 20200929163928.0
008 100127s2002 dr a 000 spa d
040 _aDO-SdBNP
_bspa
_cBNPHU
100 _aBello José, Germania
_924886
245 0 _aBúsqueda perenne. /
_cGermania Bello José.
260 _aSanto Domingo :
_bTavárez,
_c2002.
300 _a72 p. :
_bil. ;
_c21 cm.
590 _aInventariado,2018/DG
999 _c14516
_d14516